000 00484nam a22001937a 4500
003 MPLRDC
005 20220104144208.0
008 210129b ||||| |||| 00| 0 eng d
020 _a7-5382-6254-7
082 _a947.419 JM
100 _a几米
245 _a我的心中每天开出一朵花
_c
250 _a第一版
260 _a
_b辽宁教育出版社出版
_c2002
300 _b
490 _a几米作品精选集. 01
650 _a画册
942 _cBK
_o947.419 JM
999 _c47296
_d47286